[Event "ESP-ch U12"]
[Site "Salobrena"]
[Date "2024.07.12"]
[Round "7"]
[White "Perals Martinez, Mario"]
[Black "Vila Castillo, Jaime"]
[Result "1-0"]
[WhiteElo "1722"]
[BlackElo "1813"]
[PlyCount "137"]
[EventDate "2024.07.08"]
[EventType "swiss"]
[EventRounds "9"]
[EventCountry "ESP"]
[SourceTitle "EXT 2025"]
[Source "ChessBase"]
[SourceDate "2024.10.14"]
[SourceVersion "1"]
[SourceVersionDate "2024.10.14"]
[SourceQuality "1"]

1. d4 Nf6 2. Nf3 c6 3. g3 d5 4. Bg2 e6 5. 0-0 Be7 6. c4 Nbd7 7. Nc3 0-0 8. Qc2 b6 9. b3 Bb7 10. Bb2 Rc8 11. Nd2 Qc7 12. e4 dxe4 13. Ncxe4 c5 14. dxc5 Nxe4 15. cxb6 axb6 16. Nxe4 b5 17. Qc3 f6 18. cxb5 Qb6 19. Qd3 Rfd8 20. Qe2 f5 21. Nc3 Bxg2 22. Kxg2 Bf6 23. Na4 Qb7+ 24. Kg1 e5 25. Nc3 Nc5 26. Rad1 Rxd1 27. Rxd1 e4 28. Qc4+ Kh8 29. Qd5 Qxd5 30. Rxd5 Nd3 31. Ba1 g6 32. b6 Rb8 33. Rb5 Bd4 34. a4 Bxf2+ 35. Kf1 Bd4 36. a5 Kg8 37. a6 Bxb6 38. Nd5 Ba7 39. Rxb8+ Bxb8 40. Ne7+ Kf7 41. Nc6 Ba7 42. Nxa7 Nc5 43. b4 Nxa6 44. b5 Nc5 45. b6 Ke6 46. Bd4 Nb7 47. Nb5 Kd5 48. Be3 Kc4 49. Nc7 Kb4 50. Ne6 Kb5 51. Nf8 g5 52. Bxg5 Kxb6 53. Nxh7 Kc5 54. Bf6 Kd5 55. Ng5 Nc5 56. h4 Nd3 57. h5 f4 58. h6 f3 59. h7 e3 60. Nxf3 Ke4 61. Ng5+ Kf5 62. h8Q e2+ 63. Kxe2 Nf4+ 64. gxf4 Kxf4 65. Be5+ Kf5 66. Qf6+ Kg4 67. Nh3 Kxh3 68. Qf3+ Kh4 69. Bf6# 1-0